The Baker Street letters #1 / Michael Robertson.
Available copies
- 2 of 2 copies available at LARL/NWRL Consortium.
Current holds
0 current holds with 2 total copies.
Show Only Available Copies
| Location | Call Number / Copy Notes | Barcode | Shelving Location | Status | Due Date |
|---|---|---|---|---|---|
| Greenbush Public Library | ROB (Text) | 35500004512255 | Main | Available | - |
| Warroad Public Library | ROB (Text) | 35500004510879 | Main | Available | - |
Record details
- ISBN: 9780312538125
- ISBN: 031253812X
- ISBN: 9780312650643
- Physical Description: 277 p. ; 22 cm.
- Edition: 1st ed.
- Publisher: New York : Minotaur Books, 2009.
Content descriptions
| General Note: | "A Thomas Dunne book for Minotaur Books" --T.p. verso. |
Search for related items by subject
| Subject: | Brothers > Fiction. Letter writing > Fiction. Holmes, Sherlock (Fictitious character) > Fiction. London (England) > Fiction. Los Angeles (Calif.) > Fiction. |
| Genre: | Mystery fiction. |
Search for related items by series
| LDR | 01198cam a22003258a 4500 | ||
|---|---|---|---|
| 001 | 104646 | ||
| 003 | LARL_NWRL_CONSORTIUM | ||
| 005 | 20210719131759.0 | ||
| 008 | 081021s2009 nyu 000 1 eng | ||
| 010 | . | ‡a2008045668 | |
| 020 | . | ‡a9780312538125 | |
| 020 | . | ‡a031253812X | |
| 020 | . | ‡a9780312650643 | |
| 040 | . | ‡aDLC ‡cDLC ‡dDLC | |
| 043 | . | ‡ae-uk-en ‡an-us-ca | |
| 082 | 0 | 0. | ‡a813/.6 ‡222 |
| 100 | 1 | . | ‡aRobertson, Michael, ‡d1951- ‡0(LARL_NWRL_CONSORTIUM)199838 |
| 245 | 1 | 4. | ‡aThe Baker Street letters ‡n#1 / ‡cMichael Robertson. |
| 250 | . | ‡a1st ed. | |
| 260 | . | ‡aNew York : ‡bMinotaur Books, ‡c2009. | |
| 300 | . | ‡a277 p. ; ‡c22 cm. | |
| 490 | 0 | . | ‡aBaker Street letters ; ‡v1 |
| 500 | . | ‡a"A Thomas Dunne book for Minotaur Books" --T.p. verso. | |
| 650 | 0. | ‡aBrothers ‡vFiction. ‡0(LARL_NWRL_CONSORTIUM)163686 | |
| 650 | 0. | ‡aLetter writing ‡vFiction. | |
| 650 | 0. | ‡aHolmes, Sherlock (Fictitious character) ‡vFiction. ‡0(LARL_NWRL_CONSORTIUM)165630 | |
| 651 | 0. | ‡aLondon (England) ‡vFiction. ‡0(LARL_NWRL_CONSORTIUM)165879 | |
| 651 | 0. | ‡aLos Angeles (Calif.) ‡vFiction. ‡0(LARL_NWRL_CONSORTIUM)165880 | |
| 655 | 7. | ‡aMystery fiction. ‡2gsafd | |
| 901 | . | ‡a104646 ‡bISxN ‡c104646 ‡tbiblio | |

Add to basket
Permalink
Disable Highlighting